| 000 | 00507nam a2200157Ia 4500 | ||
|---|---|---|---|
| 020 | _a0333620968(pbk) | ||
| 082 |
_a690 _bART _cDonation |
||
| 100 |
_aArthanari, A. et all. _936423 |
||
| 245 |
_aBuilding technology and valuation _cA. Arthanari. et all. |
||
| 260 |
_aNew Delhi _bTata Mecgraw Hill _c2003 |
||
| 300 | _a260 p. :ill | ||
| 526 |
_a0 _b0 _c0 _d690_000000000000000_ART |
||
| 650 | _aConstruction Industry | ||
| 650 |
_aConstruction Industry -- Technological Innovations _936424 |
||
| 942 |
_2ddc _cBK |
||
| 999 |
_c541487 _d541487 |
||